00463nam a2200157Ia 4500008004100000020001500041082001400056100002000070245005500090250000700145260003300152300003000185500001900215600002100234650005000255240925s9999 xx 000 0 und d a1587051109 a005.8 BOK aBokotey, Dmitry 0aCCIE Practical Studies: security (CCIE self-study) aNA aIndianapolis:bCISCOc,2003. axviii,406p.bNAfOriginal aIncludes Index aComputer Science aComputer science, information & general works